Datum a čas kvízu
25
Celkem bodů
Celkový počet nahraných bodů na tomto kvízu bez doplňovacích otázek.
3.
Pořadí na kvízu
Konečné umístění týmu na tomto kvízu.
Zaznamenané odpovědi
| # | Otázka | Odpověď | Body | Výsledky |
|---|---|---|---|---|
| 1. | Minulý týden představila Ursul... | mezinárodní partnerství | 1 | |
| 2. | Radní nizozemského města Haag... | C) reklama na cokoli souvisejícího s fosilními palivy | 0 | |
| 3. | Jedna 80letá žena se rozhodla... | z Jižní Koreje | 0 | |
| 4. | Skupina TCF Capital podnikate... | Pilulka | 0 | |
| 5. | Který muž vstoupil do sezóny j... | Radko Gudas | 1 | |
| 6. | Evropský den jazyků se slaví k... | 1D 2B 3C 4A | 0 | |
| 7. | Kašubština patří mezi jazyky: | C | 0 | |
| 8. | Stříška nad písmenem, zvaná té... | pět (tedy všechny) | 0 | |
| 9. | Přejdeme k literatuře. Doplňte... | Ivana Děnisoviče | 0 | |
| 10. | Kterým slovem na pět písmen se... | Banát | 0 |